Finančné riadenie komerčnej banky

Saved in:
Bibliographic Details
Main Author: Belás, Jaroslav
Other Authors: Demjan, Valér
Format: Book
Language:Slovak
Published: Žilina GEORG 2009
Subjects:
Tags: Add Tag
No Tags, Be the first to tag this record!

MARC

LEADER 00000nam a2200000 4500
001 0123839
005 20240226122334.1
020 |a 978-80-89401-06-2 
041 0 |a slo 
044 |a SK 
245 1 0 |a Finančné riadenie komerčnej banky  |c Jaroslav Belás, Valér Demjan 
264 1 |a Žilina  |b GEORG  |c 2009 
300 |a 155 s. 
610 2 0 |a banky obchodné 
610 2 0 |a riadenie 
610 2 0 |a výkonnosť 
610 2 0 |a výkaz ziskov a strát 
610 2 0 |a rentabilita 
610 2 0 |a financie 
610 2 0 |a optimalizácia 
610 2 0 |a riadenie rizík 
100 1 |a Belás, Jaroslav 
700 1 |a Demjan, Valér